<?xml version="1.0" encoding="UTF-8"?>
<record
    xmlns:xsi="http://www.w3.org/2001/XMLSchema-instance"
    xsi:schemaLocation="http://www.loc.gov/MARC21/slim http://www.loc.gov/standards/marcxml/schema/MARC21slim.xsd"
    xmlns="http://www.loc.gov/MARC21/slim">

  <leader>00801nam a2200193 a 4500</leader>
  <controlfield tag="001">64</controlfield>
  <controlfield tag="003">CDMR</controlfield>
  <controlfield tag="005">20131104175054.0</controlfield>
  <controlfield tag="008">130130s1981||||||||||||||||||||||||||||d</controlfield>
  <datafield tag="040" ind1=" " ind2=" ">
    <subfield code="a">CDMR</subfield>
    <subfield code="b">cat</subfield>
    <subfield code="c">CDMR</subfield>
  </datafield>
  <datafield tag="111" ind1="2" ind2=" ">
    <subfield code="a">Congreso Iberoamericano de periodismo cient&#xED;fico</subfield>
    <subfield code="c">M&#xE9;xico</subfield>
    <subfield code="d">1979</subfield>
    <subfield code="n">3er</subfield>
    <subfield code="9">67</subfield>
  </datafield>
  <datafield tag="245" ind1="1" ind2="0">
    <subfield code="a">3er Congreso Iberoamericano de Periodismo Cient&#xED;fico</subfield>
    <subfield code="b">: memoria</subfield>
    <subfield code="c">[edici&#xF3;n a cargo de Rebeca Bolok, Joaqu&#xED;n Garc&#xED;a Valle y Ra&#xFA;l _Guzm&#xE1;n]</subfield>
  </datafield>
  <datafield tag="260" ind1=" " ind2=" ">
    <subfield code="a">M&#xE9;xico</subfield>
    <subfield code="c">1981</subfield>
    <subfield code="b">Asociaci&#xF3;n Iberoamericana de Periodismo Cient&#xED;fico</subfield>
  </datafield>
  <datafield tag="300" ind1=" " ind2=" ">
    <subfield code="a">366 p.</subfield>
  </datafield>
  <datafield tag="500" ind1=" " ind2=" ">
    <subfield code="a">Pon&#xE8;ncies del 3r Congreso Iberoamericano de Periodismo Cient&#xED;fico, celebrat a la ciutat de M&#xE8;xic, a l'octubre de 1979</subfield>
  </datafield>
  <datafield tag="650" ind1="0" ind2="4">
    <subfield code="9">2804</subfield>
    <subfield code="a">Periodisme cient&#xED;fic</subfield>
  </datafield>
  <datafield tag="650" ind1="0" ind2="4">
    <subfield code="9">3445</subfield>
    <subfield code="a">Periodisme</subfield>
    <subfield code="x">Congressos</subfield>
  </datafield>
  <datafield tag="942" ind1=" " ind2=" ">
    <subfield code="c">MON</subfield>
    <subfield code="2">ddc</subfield>
  </datafield>
  <datafield tag="999" ind1=" " ind2=" ">
    <subfield code="c">64</subfield>
    <subfield code="d">64</subfield>
  </datafield>
  <datafield tag="952" ind1=" " ind2=" ">
    <subfield code="0">0</subfield>
    <subfield code="1">0</subfield>
    <subfield code="4">0</subfield>
    <subfield code="7">0</subfield>
    <subfield code="a">CDMR</subfield>
    <subfield code="b">CDMR</subfield>
    <subfield code="d">2013-01-16</subfield>
    <subfield code="l">0</subfield>
    <subfield code="o">Di /11</subfield>
    <subfield code="p">CDMR13119347</subfield>
    <subfield code="r">2013-01-16</subfield>
    <subfield code="w">2013-01-16</subfield>
    <subfield code="y">MON</subfield>
  </datafield>
</record>
